Desarrollo humano
Guardat en:
| Autors principals: | , , |
|---|---|
| Format: | Llibre |
| Idioma: | espanyol |
| Publicat: |
Ciudad de México
McGraw Hill
2005
|
| Edició: | 9a. ed |
| Matèries: | |
| Etiquetes: |
Afegir etiqueta
Sense etiquetes, Sigues el primer a etiquetar aquest registre!
|
MARC
| LEADER | 00000nam a2200000 a 4500 | ||
|---|---|---|---|
| 001 | UCI6952 | ||
| 003 | CL-VaPUC | ||
| 008 | 080605e20050000MX |||||||||||||||||spa|d | ||
| 020 | |a 9701049217 | ||
| 082 | 0 | 4 | |a 155.7 |b PAP |2 21 |
| 100 | |a Papalia, Diane E. |e autora |9 307695 | ||
| 700 | 0 | |a Olds, Sally Wendkos |e author |9 530047 | |
| 700 | 0 | |a Feldman, Ruth Duskin |e author |9 530048 | |
| 245 | 1 | 0 | |a Desarrollo humano |
| 250 | |a 9a. ed | ||
| 300 | |a 785 p | ||
| 942 | |c BK | ||
| 945 | |d 20080605 00:00:00 |a rbrito | ||
| 260 | |a Ciudad de México |b McGraw Hill |c 2005 | ||
| 650 | 0 | |a Psicología individual |9 309049 | |
| 650 | 0 | |a Psicología social |9 222894 | |
| 650 | 0 | |a Cognición |9 270347 | |
| 650 | 0 | |a Psicología evolutiva |9 271069 | |
| 650 | 0 | |a Psicología del niño |9 307305 | |
| 650 | 0 | |a Adolescencia |9 307361 | |
| 650 | 0 | |a Adultos |9 335034 | |
| 583 | |a last modification |c 20180514 09:37:41 |k Rodrigo Vera | ||
| 999 | |c 330385 |d 330383 | ||